US Cities with the Most Spanish-Speakers - Statistics

General Stats
  • This quiz has been taken 164 times
  • The average score is 13 of 14
Answer Stats
State(s) Spanish-Speakers % City / Metro Area % Correct
California 4,630,000 39% Los Angeles
100%
Florida 2,100,000 40% Miami
100%
Illinois 1,500,000 17% Chicago
99%
New York & New Jersey 3,510,000 20% New York City
99%
Texas 1,320,000 22% Dallas
98%
Texas 1,600,000 29% Houston
98%
California 730,000 25% San Diego
97%
California 670,000 17% San Francisco
97%
Maryland, Virginia & DC 610,000 12% Washington DC
96%
Arizona 770,000 20% Phoenix
95%
Texas 720,000 36% San Antonio
95%
Texas 540,000 72% El Paso
89%
California 1,340,000 34% Riverside | San Bernardino
70%
Texas 600,000 84% McAllen
57%
No matching quizzes found
Score Distribution
Percent of People with Each Score
Percentile by Number Answered
Your Score History
You have not taken this quiz